[Event "GER-ch Seniors"]
[Site "Dresden"]
[Date "2012.08.10"]
[Round "2"]
[White "Grottke, Hans Joachim"]
[Black "Burstein, Garri"]
[Result "1/2-1/2"]
[WhiteElo "2231"]
[BlackElo "1966"]
[PlyCount "25"]
[EventDate "2012.08.09"]
[EventType "swiss"]
[EventRounds "9"]
[EventCountry "GER"]
[SourceTitle "EXT 2014"]
[Source "ChessBase"]
[SourceDate "2013.11.20"]
[SourceVersion "1"]
[SourceVersionDate "2013.11.20"]
[SourceQuality "1"]

1. e4 c5 2. Nf3 e6 3. b3 Nc6 4. Bb2 d6 5. d4 cxd4 6. Nxd4 Nf6 7. Nxc6 bxc6 8. Bd3 d5 9. e5 Nd7 10. 0-0 Qb6 11. Nd2 a5 12. Nf3 Ba6 13. Bxa6 1/2-1/2

[Event "GER-ch Seniors 22nd"]
[Site "Berlin"]
[Date "2010.08.23"]
[Round "8"]
[White "Burstein, Garri"]
[Black "Kuehn, Peter1111"]
[Result "1-0"]
[WhiteElo "2006"]
[BlackElo "1774"]
[PlyCount "71"]
[EventDate "2010.08.16"]
[EventType "swiss"]
[EventRounds "9"]
[EventCountry "GER"]
[SourceTitle "CBM 138 Extra"]
[Source "ChessBase"]
[SourceDate "2010.10.29"]
[SourceVersion "1"]
[SourceVersionDate "2010.10.29"]
[SourceQuality "1"]

1. d4 f5 2. c4 g6 3. g3 Nf6 4. Bg2 Bg7 5. Nc3 d6 6. Nf3 0-0 7. 0-0 c6 8. d5 Bd7 9. Nd4 Qc8 10. e4 fxe4 11. Nxe4 Nxe4 12. Bxe4 e5 13. dxe6 Bxe6 14. Nxe6 Qxe6 15. Qe2 Qf6 16. Rb1 Nd7 17. Be3 Rae8 18. Qc2 Qe5 19. Bg2 Nc5 20. b3 Ne6 21. Rbd1 a6 22. Rd2 Rd8 23. Rfd1 Rf7 24. Re2 Qf6 25. Qd2 Bf8 26. h4 h6 27. Bh3 Re8 28. Rde1 Nc5 29. Bxh6 Rxe2 30. Rxe2 Bxh6 31. Qxh6 Ne4 32. f3 Qxf3 33. Qxg6+ Rg7 34. Qxe4 Rxg3+ 35. Bg2 Qxe4 36. Rxe4 1-0